| 000 | 01106nam a2200301 a 4500 | ||
|---|---|---|---|
| 001 | 000048477 | ||
| 003 | DO-SdBNP | ||
| 005 | 20240313073820.0 | ||
| 008 | 190322s2012 dr d 000 0 spa d | ||
| 020 | _a9789945412598 | ||
| 040 |
_aDO-SdBNP _bspa _cBNPHU |
||
| 082 |
_a336.39 _bM314g |
||
| 100 | 1 |
_aMarcelino, Melissa _975888 |
|
| 245 | 1 | 0 |
_aGasto social, democracia y ciclo política en República Dominicana : _b1976-2010 / _cMelissa Marcelino, Francina Jiménez, Diógenes Lamarche. |
| 260 |
_aSanto Domingo, : _bFUNGLODE _bObservatorio Político Dominicano, _c2012. |
||
| 300 |
_a57 p. _ddiag. _c23 cm. |
||
| 490 | 1 |
_aPolíticas Públicas; _v1; |
|
| 500 | _aCuadernos del OPD | ||
| 504 | _aBibliografía p: 43-45 | ||
| 590 | _aInventariado, 2019/ YL | ||
| 650 | 4 |
_aPolítica pública _zRepública Dominicana _975890 |
|
| 651 | 4 |
_aRepública Dominicana _xCondiciones sociales _946 |
|
| 700 | 1 | 2 |
_aJiménez, Francina _975891 |
| 700 | 1 | 2 |
_aLamarche, Diógenes _975892 |
| 710 | 2 |
_aFundación Global Democracía y Desarrollo _925477 |
|
| 830 | 0 |
_aPolícas Públicas _n1 _975893 |
|
| 942 |
_2ddc _cLBS1 |
||
| 999 |
_c47965 _d47965 |
||